Naznačuje rast nových úverov v prvej polovici roka 2010 konec krízy?
Vplyv nových úverov na realitný trh. Vplyv krízy na stratégiu bánk a správanie spotrebiteľov.
Gespeichert in:
| 1. Verfasser: | |
|---|---|
| Format: | Buchkapitel |
| Sprache: | Slowakisch |
| Schlagworte: | |
| Tags: |
Keine Tags, Fügen Sie das erste Tag hinzu!
|
MARC
| LEADER | 00000naa a2200000 4500 | ||
|---|---|---|---|
| 001 | 0121466 | ||
| 005 | 20231116090400.2 | ||
| 041 | 0 | |a slo | |
| 044 | |a SK | ||
| 245 | 1 | 0 | |a Naznačuje rast nových úverov v prvej polovici roka 2010 konec krízy? |c Matej Krčmár |
| 520 | |a Vplyv nových úverov na realitný trh. Vplyv krízy na stratégiu bánk a správanie spotrebiteľov. | ||
| 610 | 2 | 0 | |a trh hypotekárny |
| 610 | 2 | 0 | |a úver bankový |
| 610 | 2 | 0 | |a nehnuteľnosti |
| 610 | 2 | 0 | |a byty |
| 610 | 2 | 0 | |a správanie spotrebiteľa |
| 610 | 2 | 0 | |a stratégia marketingová |
| 610 | 2 | 0 | |a banky |
| 100 | 1 | |a Krčmár, Matej | |